000 00991nam a2200241Ia 4500
008 130821s2008 ck gr spa
020 _a9789587161458
040 _aCo-BoUCM
_bspa
041 0 0 _aspa
245 1 0 _aToma el control
_cJorge Iván Bonilla Vélez...[et al.] ; edición Antonio Roveda Hoyos ; Observatorio Nacional de Televisión
260 _aBogotá (Colombia)
_bEditorial Pontificia Universidad Javeriana; Comisión Nacional de Televisión
_c2008
300 _a412 páginas
_e1 CD-ROM
504 _aIncluye bibliografía.
650 0 4 _aCrítica de televisión
_912201
650 0 4 _aMedios de comunicación de masas
_919235
650 0 4 _aPeriodismo
_97909
650 0 4 _aPolítica de teledifusión
_921965
650 0 4 _aSociología
_9386
650 0 4 _aTelevisión
_vAspectos sociales
_98144
710 1 _aPontificia Universidad Javeriana.
_bFacultad de Comunicación y Lenguaje
942 _cLIBRO
_a24
_e1
_mT655t
_2DEWEY
_h302.2345
999 _c60344
_d60344